000 00615nam a2200253Ia 4500
003 OSt
005 20221005132232.0
006 a|||||r|||| 00| 0
007 ta
008 221004b |||||||| |||| 00| 0 tam d
024 _a49084
037 _cTextual
040 _aCRL
_cCRL
_btam
041 _2tam
_atam
082 _aO31,1NSU3x, K7
100 _aSurada Au.
_9640779
245 0 _aThen mazhai
260 _c1967
300 _a280p.
_ccm.
650 _a TAMIL POETRY
650 _aTAMIL LITERATURE
942 _hO31,1NSU3x, K7
_cTEXL
_2cc
999 _c1062975
_d1062975